000 00839nam a2200253Ia 4500
003 OSt
005 20220923214733.0
006 a|||||r|||| 00| 0
007 ta
008 220922b |||||||| |||| 00| 0 hin d
024 _a172,125
037 _cTextual
040 _aARTS
_cARTS
_bhin
041 _2hin
_ahin
082 _aO152,2N40x, N9
100 _aकोहली, नरेन्द्र
245 0 _aहत्यारे
_b तीन मौलिक नाटक
246 _aHatyāre: tīn maulik nāṭaka
260 _aदिल्ली
_b राजपाल एण्ड संस
_c1999
300 _a144 पृ.
_ccm.
650 _aहिन्दी साहित्य
_9156264
942 _hO152,2N40x, N9
_cTEXL
_2CC
999 _c326249
_d326249